Fromages préférés des français - Statistiques

Statistiques générales
  • Ce quiz a été pris 205 fois
  • Le résultat moyen est 6 sur 10
Statistiques - réponses
Classement Fromage % Correct
2 Camembert
93%
1 Comté
82%
4 Roquefort
74%
3 Brie
69%
5 Reblochon
49%
6 Saint-Nectaire
44%
7 Tomme de Savoie
41%
8 Cantal
38%
9 Morbier
36%
10 Beaufort
34%
Aucun quiz correspondant
Distribution des résultats
% des personnes avec chaque résultat
Percentile par nombre de réponses
Votre historique - résultats
Vous n’avez pas pris ce quiz